Manual de yates / (Record no. 119367)

MARC details
000 -LEADER
campo de control de longitud fija 00777nam a2200229 4500
001 - NÚMERO DE CONTROL
campo de control 119367
003 - IDENTIFICADOR DE NÚMERO DE CONTROL
campo de control ES-MaACL
005 - FECHA Y HORA DE LA ÚLTIMA TRANSACCIÓN
campo de control 20230906191312.0
007 - CAMPO FIJO DE DESCRIPCIÓN FÍSICA--INFORMACIÓN GENERAL
campo de control de longitud fija t|
008 - DATOS DE LONGITUD FIJA--INFORMACIÓN GENERAL
campo de control de longitud fija 070214s1969 sp r ||||1| spa d
100 1# - ENTRADA PRINCIPAL--NOMBRE DE PERSONA
Nombre de persona Phillips-Birt, D.
9 (RLIN) 91706
245 10 - MENCIÓN DEL TÍTULO
Título Manual de yates /
Mención de responsabilidad, etc. D. Phillips-Birt ; ilustrado por Colin Mudic, revisado por A. D. G. Gunn, G. Sambrooke Sturgess, Alan Walts ; traducción de Federico Piera.
250 ## - MENCION DE EDICION
Mención de edición 1ª. ed.
260 ## - PUBLICACIÓN, DISTRIBUCIÓN, ETC.
Lugar de publicación, distribución, etc. Barcelona :
Nombre del editor, distribuidor, etc. Blume,
Fecha de publicación, distribución, etc. 1969.
300 ## - DESCRIPCIÓN FÍSICA
Extensión 383 p., 21 lám. :
Otras características físicas il. ;
Dimensiones 21 cm.
700 1# - ENTRADA AGREGADA--NOMBRE PERSONAL
Nombre de persona Mudic, Colin.
9 (RLIN) 84025
700 1# - ENTRADA AGREGADA--NOMBRE PERSONAL
Nombre de persona Gunn, A. D. G.
9 (RLIN) 60955
700 1# - ENTRADA AGREGADA--NOMBRE PERSONAL
Nombre de persona Sambrooke Sturgess, G.
9 (RLIN) 102171
700 1# - ENTRADA AGREGADA--NOMBRE PERSONAL
Nombre de persona Walts, Alan.
9 (RLIN) 116026
700 1# - ENTRADA AGREGADA--NOMBRE PERSONAL
Nombre de persona Piera, Federico.
9 (RLIN) 91923
852 ## - LOCALIZACIÓN
Ubicación ES-MaACL
Número de control de estantería C-36608
Sublocalización o colección R.70365
Holdings
Estatus retirado Estado de pérdida Estado de daño No para préstamo Biblioteca de origen Biblioteca actual Ubicación en estantería Fecha de adquisición Fuente de adquisición Total de préstamos Signatura topográfica completa Código de barras Visto por última vez Precio de reemplazo Tipo de ítem Koha
        Biblioteca del Ateneo de Madrid Biblioteca del Ateneo de Madrid Depósito 2 17/01/2008     C-36608 1124430 23/02/2023 23/02/2023 Libro impreso